000 01115cam a22002174a 4500
005 20250605164126.0
008 250528s ||||||||||||||||||||||||d
035 _a18477
020 _a859501418
040 _aGR-AtMCL
_bgre
_dGR-AtMCL
_eAACR2
245 1 _aMathematics - Mechanics and Probability
250 _a1st
260 _bStanley Thornes (Publishers) Ltd,
_c1984
300 _a660
520 _aThis book is about Mechanics and the solving of mechanical problems with the help of Pure Mathematics. Preface, Introduction, Vectors. Components and Resultants. Moment, Coplanar Forces in Equilibrium. Friction, Velocity and Acceleration, Newton's Laws of Motion, Work and Power, Momentum. Direct Impact, Projectiles, Motion in a Circle, General Motion of a Particle, Simple Harmonic Motion, Resultant Motion. Relative Motion, Resultants of Coplanar Forces. Equivalent Force Systems, Centre of Gravity, Problems Involving Rigid Bodies, Frameworks, Probability, Appendix, Answers, Index.
700 1 _aBostock L.
_94735
700 1 _aChandler S
_94736
942 _cBK
999 _c3838
_d3838